Head first : 10 ways to tap into your natural genius

Bibliographic Details
Main Author: Buzan, Tony
Corporate Author: Title
Format: Book
Published: London : Thorsons , 2000
Subjects:

MARC

LEADER 00000cam a2200000 7i4500
001 0000012424
005 20071217.0
008 071217
020 |a 0722540469 
090 0 0 |a 153   |b BUZ 
100 1 |a Buzan, Tony 
245 1 0 |a Head first :   |b 10 ways to tap into your natural genius   |c Tony Buzan 
260 |a London :   |b Thorsons ,   |c 2000 
650 0 |a Ability 
650 0 |a Emotional intelligence 
650 0 |a English fiction 
650 0 |a Intellect 
650 0 |a Intelligence levels 
710 0 |a Title 
999 |a 0001003614   |b Book   |c Adult Collection   |e Perbadanan Perpustakaan Awam Johor 
999 |a 0001003615   |b Book   |c Adult Collection   |e Perbadanan Perpustakaan Awam Johor 
999 |a 0001003616   |b Book   |c Adult Collection   |e Perbadanan Perpustakaan Awam Johor